000 00250nam a22001217a 4500
008 190206b xxu||||| |||| 00| 0 eng d
041 _aeng
080 _a510
100 _a38
101 _aMAT
245 _aAlgebra
_cDolciani,M.P
942 _2udc
_cBK
999 _c54097
_d54097